| 000 | 00978nam a22003257a 4500 | ||
|---|---|---|---|
| 001 | BR0402683 | ||
| 003 | BR-BrBNA | ||
| 005 | 20230928101631.0 | ||
| 007 | ta | ||
| 008 | 230509b bl.||||| |||| 00| 0 por d | ||
| 040 |
_aBR-BrBNA _bpor _cBiblioteca Nacional de Agricultura |
||
| 041 | _a(Por) | ||
| 072 | _aH01; N20; C20 | ||
| 090 | _ H01 BR0402683 | ||
| 110 | 1 | _aServiço Nacional de Aprendizagem Rural, Curitiba, PR (Brasil). Administração Regional do Estado do Paraná | |
| 245 | 1 | _aTrabalhador na aplicação de agrotóxicos: pulverizador de barras | |
| 260 | 3 |
_aCuritiba, PR (Brasil): _c2003. |
|
| 300 | _a47 p. | ||
| 500 | _a11 tables; 41 illus. | ||
| 650 | _aAGROTÓXICO | ||
| 650 | _aMÁQUINA AGRÍCOLA | ||
| 650 | _aPULVERIZADOR | ||
| 650 | _aMÉTODO DE APLICAÇÃO | ||
| 650 | _aPREVENÇÃO DE ACIDENTE | ||
| 650 | _aTRABALHADOR RURAL | ||
| 650 | _aEXTENSÃO RURAL | ||
| 650 | _aCURSO | ||
| 909 |
_a202309 _bLucia _c55 _dLucia Elande |
||
| 942 | _cBK | ||
| 999 |
_c66802 _d66802 |
||